| 000 | 00708nam a2200241 i 4500 | ||
|---|---|---|---|
| 001 | bg | ||
| 100 | 1 |
_aAwrejcewicz, Jan _d(1952- ). |
|
| 245 | 1 | 0 |
_aDynamika nieliniowa maszyn / _cJan Awrejcewicz ; Politechnika Łódzka. |
| 260 |
_aŁódź : _bPŁ, _c1994. |
||
| 300 |
_a209 s., [1] k. il. : _brys., wykr. ; _c24 cm. |
||
| 504 | _aBibliogr. s. 207-209. | ||
| 650 | 9 |
_aAnaliza matematyczna _xstosowanie _xtechnika |
|
| 650 | 9 | _aDynamika | |
| 650 | 9 | _aMechanika stosowana | |
| 655 | _aPodręczniki akademickie | ||
| 020 | _a8386453222 | ||
| 040 | _cBPK | ||
| 041 | 0 | _apl | |
| 080 | _a621.01:531.3:517](075.8) | ||
| 920 | _a83-86453-22-2 | ||
| 942 | _cKS | ||
| 008 | s pl f |000 0 pol | ||
| 999 |
_c24364 _d24364 |
||
| 856 |
_uhttp://koha.tu.koszalin.pl/cgi-bin/koha/opac-detail.pl?biblionumber=24364 _yKatalog online BPK |
||